| 000 | 01145cam a2200337 a 4500 | ||
|---|---|---|---|
| 001 | 3488502 | ||
| 003 | ARRUPE | ||
| 005 | 20161201113907.0 | ||
| 008 | 940913s1995 waua b 000 0 eng | ||
| 010 | _a 94036846 | ||
| 020 |
_a0941920291 : _c$18.95 |
||
| 040 |
_aDLC _cDLC _dDLC |
||
| 050 | 0 | 0 | _aNX650.P6B88 1995 |
| 082 | 0 | 0 |
_a700/.1/03 _220 |
| 100 |
_aFelshin, Nina _927776 |
||
| 245 | 0 | 0 |
_aBut is it art? : _bthe spirit of art as activism / _cedited by Nina Felshin. |
| 260 |
_aSeattle : _bBay Press, _cc1995. |
||
| 300 |
_a412 p.; _bill. ; _c23 cm. |
||
| 650 | 0 |
_aArts _xPolitical aspects. _927777 |
|
| 650 | 0 |
_aPolitics in art. _927778 |
|
| 650 | 0 |
_aSocial problems in art. _927779 |
|
| 650 | 0 |
_aMass media and the arts. _927780 |
|
| 650 | 0 |
_aPerformance art. _927781 |
|
| 650 | 0 |
_aArtists and community. _927782 |
|
| 650 | 0 |
_aArts, Modern _y20th century. _917761 |
|
| 653 | 0 | _aActivist art | |
| 700 | 1 |
_aFelshin, Nina. _927776 |
|
| 906 |
_a7 _bcbc _corignew _d1 _eocip _f19 _gy-gencatlg |
||
| 942 |
_2lcc _cMONOGRAPH |
||
| 999 |
_c125832 _d125832 |
||